Économie d'entreprise : (Record no. 22454)
[ view plain ]
| 000 -LEADER | |
|---|---|
| fixed length control field | 00564cam a22001691a 4500 |
| 020 ## - INTERNATIONAL STANDARD BOOK NUMBER | |
| ISBN | 2040159355 |
| 040 ## - CATALOGING SOURCE | |
| Transcribing agency | CoDU |
| 082 ## - DEWEY DECIMAL CLASSIFICATION NUMBER | |
| Classification number | 658 JAN 1985 C283 Or |
| 100 1# - MAIN ENTRY--AUTHOR NAME | |
| Personal name | Meyer, Janine. |
| 245 10 - TITLE STATEMENT | |
| Title | Économie d'entreprise : |
| Remainder of title | Économie et organisation de l'entreprise / |
| 250 ## - EDITION STATEMENT | |
| Edition statement | 2e éd. |
| 260 ## - PUBLICATION, DISTRIBUTION, ETC. (IMPRINT) | |
| Place of publication | Paris : |
| Name of publisher | Dunod, |
| Year of publication | c1985. |
| 300 ## - PHYSICAL DESCRIPTION | |
| Number of Pages | 318 pages : |
| Other physical details | ill. ; |
| Dimensions | 25 cm. |
| 500 ## - GENERAL NOTE | |
| General note | "Classes terminales G (G1, G2, G3). Préparation aux examens de l'enseignement technique économique. Promotion sociale." |
| 650 #0 - SUBJECT ADDED ENTRY--TOPICAL TERM | |
| Topical Term | Industrial management. |
| 942 ## - ADDED ENTRY ELEMENTS (KOHA) | |
| Koha item type | ADB |
| 952 ## - LOCATION AND ITEM INFORMATION (KOHA) | |
| Withdrawn status [LOCAL, KOHA] | 0 |
| Permanent Location | Date acquired | Koha item type | Lost status | Shelving location | Barcode | Current Location | Full call number |
|---|---|---|---|---|---|---|---|
| Library Block C | 2023-12-29 | ADB | C283 | a05953 | Library Block C | 658 JAN 1985 C283 Or |